Statistiques concernant N'oubliez pas les paroles! - Spécial Disney #2

Cliquez ici pour prendre le quiz!

Statistiques générales

  • Ce quiz a été pris 430 fois
  • Le résultat moyen est 16 sur 35

Réponses sur la Carte

Les réponses sont colorées sur une échelle allant du rouge au vert en fonction du pourcentage des utilisateurs qui les ont devinées à leur premier essai. Vous pouvez retrouver ces pourcentages ci-dessous.
Chargement ...
Tu t'envoles - Peter PanSous l'océan - La petite sirèneL'air du vent - PocahantasDe zéro en héros - HerculePour les hommes - Vaiana
 

Statistiques - réponses

ChansonMot% Correct
Chanson 2d’
88%
Chanson 5j
85%
Chanson 1la
81%
Chanson 3au
75%
Chanson 5ma
74%
Chanson 3jour
73%
Chanson 3petit
73%
Chanson 3sauvages
68%
Chanson 1lune
66%
Chanson 2À-côté
65%
Chanson 3chats
65%
Chanson 2marais
60%
Chanson 4de
57%
Chanson 5ai
54%
Chanson 4un
51%
Chanson 4se
42%
Chanson 4pas
36%
Chanson 5une
36%
Chanson 4ses
35%
Chanson 4quand
34%
Chanson 5pour
33%
Chanson 5mes
31%
Chanson 4compressent
30%
Chanson 4graisse
30%
Chanson 4pectoraux
30%
Chanson 4gramme
29%
Chanson 5moi
29%
Chanson 5sur
28%
Chanson 5peau
27%
Chanson 5très
27%
Chanson 5belle
26%
Chanson 5fresque
25%
Chanson 5titanesques
23%
Chanson 5exploits
22%
Chanson 5super
17%

Distribution des résultats

Percentile par nombre de réponses

% des personnes avec chaque résultat

Votre développement - résultats

Vous n’avez pas pris ce quiz